Name the Common Fonts - Statistics

General Stats
  • This quiz has been taken 46 times
  • The average score is 4 of 8
Answer Stats
Picture Answer % Correct
Arial
85%
Comic Sans
80%
Times New Roman
78%
Calibri
55%
Helvetica
50%
Aptos
25%
Garamond
23%
Verdana
18%
No matching quizzes found
Score Distribution
Percent of People with Each Score
Percentile by Number Answered
Your Score History
You have not taken this quiz